|
|
|
|
| LEADER |
00000nab a2200000 a 4500 |
| 001 |
vtls010469769 |
| 003 |
SK-MaSNL |
| 005 |
20260426090404.0 |
| 008 |
121115c2011 xo wr 0 0slo |
| 038 |
|
|
|a SLLK
|
| 040 |
|
|
|a SLLK
|b slo
|c sllk
|e AACR2
|
| 041 |
|
|
|a slo
|
| 044 |
|
|
|a xo
|c SK
|
| 080 |
|
|
|a 94
|x (477)
|2 2001
|
| 080 |
|
|
|a 94
|x (437.6)
|2 2001
|
| 100 |
1 |
|
|a Murcko, Michal,
|d 1940-
|4 aut
|9 115592
|
| 245 |
1 |
0 |
|a Kto boli banderovci? (1.)
|c Michal Murcko
|
| 300 |
|
|
|b Fotogr.
|
| 600 |
1 |
7 |
|a Bandera, Stepan,
|d 1908-1959
|2 sllk
|9 397264
|
| 610 |
2 |
7 |
|a Ukrajinská povstalecká armáda
|2 sllk
|9 99318
|
| 648 |
|
7 |
|a 2011
|2 snkbucl
|9 328311
|
| 650 |
0 |
7 |
|a polovojenské organizácie
|2 sllk
|9 97492
|
| 650 |
0 |
7 |
|a vojenské dejiny
|2 sllk
|9 70411
|
| 651 |
|
7 |
|a Slovensko východné
|2 sllk
|9 161134
|
| 773 |
0 |
|
|t Ľubovnianske noviny
|g Roč. XXXVII, č. 46 (2011), s. 2
|x 1338-0346
|
| 958 |
|
|
|a BX
|
| 958 |
|
|
|a UK
|
| 999 |
|
|
|c 2989577
|d 2991507
|